[Event "MCRDMZ 2018"]
[Site "Varnsdorf"]
[Date "2018.06.17"]
[Round "2.17"]
[White "Ticha Sofie (BSS F-M B)"]
[Black "Marsik Ondrej (Liberec)"]
[Result "1-0"]
[BlackElo "1481"]
[WhiteElo "1313"]
[LiveChessVersion "1.4.8"]

1. e4 {[%clk 0:25:17]} e5 {[%clk 0:25:19]} 2. Nf3 {[%clk 0:25:19]} Nf6
{[%clk 0:25:27]} 3. Nxe5 {[%clk 0:25:23]} d6 {[%clk 0:25:35]} 4. Nf3
{[%clk 0:25:29]} Nxe4 {[%clk 0:25:43]} 5. Qe2 {[%clk 0:25:34]} Qe7
{[%clk 0:25:50]} 6. Nc3 {[%clk 0:27:37]} Nf6 {[%clk 0:26:08]} 7. d4
{[%clk 0:27:39]} d5 {[%clk 0:26:05]} 8. Bg5 {[%clk 0:27:39]} Nc6 {[%clk 0:25:44]}
9. Bxf6 {[%clk 0:27:30]} gxf6 {[%clk 0:25:50]} 10. Qxe7+ {[%clk 0:27:33]} Bxe7
{[%clk 0:25:53]} 11. Nxd5 {[%clk 0:27:41]} Bd8 {[%clk 0:24:37]} 12. Bd3
{[%clk 0:27:26]} Be6 {[%clk 0:24:29]} 13. Bc4 {[%clk 0:26:43]} Nb4
{[%clk 0:23:24]} 14. Nxb4 {[%clk 0:25:34]} Bxc4 {[%clk 0:23:30]} 15. b3
{[%clk 0:25:32]} Bb5 {[%clk 0:22:54]} 16. c4 {[%clk 0:25:39]} Bd7
{[%clk 0:22:45]} 17. O-O {[%clk 0:25:34]} Be7 {[%clk 0:22:44]} 18. Rfe1
{[%clk 0:25:25]} c6 {[%clk 0:20:15]} 19. d5 {[%clk 0:25:16]} Kd8 {[%clk 0:19:48]}
20. Nc2 {[%clk 0:24:32]} Re8 {[%clk 0:19:38]} 21. Ncd4 {[%clk 0:24:21]} Kc7
{[%clk 0:19:09]} 22. Rad1 {[%clk 0:23:35]} Bb4 {[%clk 0:18:10]} 23. Rxe8
{[%clk 0:23:06]} Rxe8 {[%clk 0:18:13]} 24. dxc6 {[%clk 0:22:56]} Bxc6
{[%clk 0:17:45]} 25. Nxc6 {[%clk 0:22:44]} bxc6 {[%clk 0:17:42]} 26. g3
{[%clk 0:22:33]} Re2 {[%clk 0:17:18]} 27. a4 {[%clk 0:21:42]} Rb2
{[%clk 0:16:55]} 28. Rd3 {[%clk 0:21:13]} Rb1+ {[%clk 0:16:14]} 29. Kg2
{[%clk 0:21:16]} Bd6 {[%clk 0:16:02]} 30. Nd4 {[%clk 0:19:24]} Kb6
{[%clk 0:15:09]} 31. Ne6 {[%clk 0:17:17]} fxe6 {[%clk 0:13:25]} 32. Rxd6
{[%clk 0:17:24]} Rxb3 {[%clk 0:13:34]} 33. Rxe6 {[%clk 0:17:31]} Rb4
{[%clk 0:13:43]} 34. Rxf6 {[%clk 0:17:34]} Rxc4 {[%clk 0:13:50]} 35. Rh6
{[%clk 0:17:35]} Rxa4 {[%clk 0:13:58]} 36. Rxh7 {[%clk 0:17:43]} c5
{[%clk 0:14:06]} 37. Rh6+ {[%clk 0:17:46]} Kb5 {[%clk 0:14:16]} 38. f4
{[%clk 0:17:25]} c4 {[%clk 0:14:17]} 39. f5 {[%clk 0:17:29]} c3 {[%clk 0:13:29]}
40. f6 {[%clk 0:17:35]} c2 {[%clk 0:13:15]} 41. f7 {[%clk 0:17:20]} c1=Q
{[%clk 0:13:16]} 42. f8=Q {[%clk 0:17:20]} Qd2+ {[%clk 0:11:57]} 43. Kh3
{[%clk 0:17:17]} Qd7+ {[%clk 0:11:10]} 44. Kg2 {[%clk 0:15:57]} Ra2+
{[%clk 0:11:02]} 45. Kf3 {[%clk 0:15:49]} Qd5+ {[%clk 0:10:53]} 46. Kg4
{[%clk 0:15:26]} Qd4+ {[%clk 0:09:58]} 47. Qf4 {[%clk 0:15:18]} Qg7+
{[%clk 0:09:10]} 48. Qg5+ {[%clk 0:15:06]} Qxg5+ {[%clk 0:09:06]} 49. Kxg5
{[%clk 0:15:14]} a5 {[%clk 0:09:09]} 50. h4 {[%clk 0:15:10]} a4 {[%clk 0:09:15]}
51. h5 {[%clk 0:14:41]} Rc2 {[%clk 0:08:09]} 52. Rh8 {[%clk 0:13:53]} Rc6
{[%clk 0:07:48]} 53. h6 {[%clk 0:13:30]} Rc5+ {[%clk 0:07:33]} 54. Kh4
{[%clk 0:13:35]} a3 {[%clk 0:07:36]} 55. h7 {[%clk 0:13:39]} Rc7 {[%clk 0:06:28]}
56. Rb8+ {[%clk 0:13:45]} Ka4 {[%clk 0:05:52]} 57. h8=Q {[%clk 0:13:49]} Rc1
{[%clk 0:05:17]} 58. Qd4+ {[%clk 0:13:50]} Ka5 {[%clk 0:05:15]} 59. Qd2+
{[%clk 0:13:49]} Ka6 {[%clk 0:05:17]} 60. Qxc1 {[%clk 0:13:57]} a2
{[%clk 0:05:27]} 61. Qa3# {[%clk 0:14:04]} 1-0

[Event "MCRDMZ 2018"]
[Site "Varnsdorf"]
[Date "2018.06.17"]
[Round "2.18"]
[White "Gavrunova Marie (Liberec)"]
[Black "Micova Barbora (BSS F-M B)"]
[Result "0-1"]
[BlackElo "1203"]
[WhiteElo "1000"]
[LiveChessVersion "1.4.8"]

1. e4 {[%clk 0:25:17]} e5 {[%clk 0:25:18]} 2. Bc4 {[%clk 0:25:20]} Nc6
{[%clk 0:25:18]} 3. Qh5 {[%clk 0:25:27]} Qe7 {[%clk 0:25:22]} 4. b3
{[%clk 0:25:17]} Nd4 {[%clk 0:25:06]} 5. Ba3 {[%clk 0:25:22]} Nxc2+
{[%clk 0:24:53]} 6. Kd1 {[%clk 0:25:21]} Nxa3 {[%clk 0:25:01]} 7. Nxa3
{[%clk 0:25:24]} Qf6 {[%clk 0:25:00]} 8. Nc2 {[%clk 0:24:12]} Qg6
{[%clk 0:24:51]} 9. Qxe5+ {[%clk 0:23:59]} Be7 {[%clk 0:24:38]} 10. Ne3
{[%clk 0:23:49]} Nf6 {[%clk 0:23:53]} 11. Nf5 {[%clk 0:23:25]} Qg4+
{[%clk 0:23:23]} 12. Nf3 {[%clk 0:22:50]} Qxe4 {[%clk 0:23:12]} 13. Nxg7+
{[%clk 0:22:27]} Kf8 {[%clk 0:23:08]} 14. Qg5 {[%clk 0:22:04]} Rg8
{[%clk 0:22:01]} 15. Qa5 {[%clk 0:20:57]} Rxg7 {[%clk 0:21:45]} 16. d3
{[%clk 0:20:53]} Qg4 {[%clk 0:21:24]} 17. h3 {[%clk 0:20:36]} Qxg2
{[%clk 0:23:14]} 0-1

[Event "MCRDMZ 2018"]
[Site "Varnsdorf"]
[Date "2018.06.17"]
[Round "3.1"]
[White "Hak David (VSTE CB)"]
[Black "Stalmach Richard (BSS F-M A)"]
[Result "0-1"]
[BlackElo "1754"]
[WhiteElo "2127"]
[LiveChessVersion "1.4.8"]

1. Nf3 {[%clk 0:25:17]} f5 {[%clk 0:25:16]} 2. d3 {[%clk 0:25:25]} Nf6
{[%clk 0:24:54]} 3. e4 {[%clk 0:25:27]} d6 {[%clk 0:25:02]} 4. Nc3
{[%clk 0:25:03]} g6 {[%clk 0:24:47]} 5. Bg5 {[%clk 0:23:19]} Bg7 {[%clk 0:24:45]}
6. Be2 {[%clk 0:21:57]} O-O {[%clk 0:24:23]} 7. Qd2 {[%clk 0:19:28]} c5
{[%clk 0:21:14]} 8. Bh6 {[%clk 0:17:32]} Nc6 {[%clk 0:20:47]} 9. Bxg7
{[%clk 0:17:05]} Kxg7 {[%clk 0:20:56]} 10. h4 {[%clk 0:16:06]} h5
{[%clk 0:16:10]} 11. O-O-O {[%clk 0:07:13]} Rb8 {[%clk 0:13:21]} 12. Nh2
{[%clk 0:03:15]} b5 {[%clk 0:10:31]} 13. f3 {[%clk 0:02:33]} b4 {[%clk 0:09:34]}
14. Na4 {[%clk 0:02:06]} Nd4 {[%clk 0:08:46]} 15. b3 {[%clk 0:01:43]} Bd7
{[%clk 0:07:13]} 16. Nb2 {[%clk 0:01:21]} Qa5 {[%clk 0:07:23]} 17. Kb1
{[%clk 0:01:13]} Nb5 {[%clk 0:07:31]} 18. a4 {[%clk 0:01:06]} Nc3+
{[%clk 0:07:23]} 19. Ka1 {[%clk 0:01:02]} Nxd1 {[%clk 0:07:16]} 20. Bxd1
{[%clk 0:01:06]} e5 {[%clk 0:03:10]} 21. exf5 {[%clk 0:01:05]} Bxf5
{[%clk 0:03:18]} 22. g4 {[%clk 0:01:09]} Be6 {[%clk 0:03:22]} 23. Rg1
{[%clk 0:00:54]} Qd8 {[%clk 0:02:53]} 24. gxh5 {[%clk 0:00:34]} Nxh5
{[%clk 0:03:01]} 25. Qf2 {[%clk 0:00:25]} Qf6 {[%clk 0:02:50]} 26. Ng4
{[%clk 0:00:27]} Bxg4 {[%clk 0:02:58]} 27. Rxg4 {[%clk 0:00:36]} Rbe8
{[%clk 0:02:11]} 28. Qg2 {[%clk 0:00:32]} Re6 {[%clk 0:01:38]} 29. Rg5
{[%clk 0:00:35]} Nf4 {[%clk 0:01:47]} 30. Qg3 {[%clk 0:00:37]} Kf7
{[%clk 0:01:42]} 31. Ka2 {[%clk 0:00:41]} Rh8 {[%clk 0:01:43]} 32. Nc4
{[%clk 0:00:46]} Rh5 {[%clk 0:01:45]} 33. Rg4 {[%clk 0:00:34]} Re8
{[%clk 0:01:15]} 34. Ne3 {[%clk 0:00:34]} Reh8 {[%clk 0:01:13]} 35. Ng2
{[%clk 0:00:26]} Nxg2 {[%clk 0:01:14]} 36. Qxg2 {[%clk 0:00:35]} Rxh4
{[%clk 0:01:22]} 37. f4 {[%clk 0:00:22]} Rxg4 {[%clk 0:01:20]} 38. Bxg4
{[%clk 0:00:19]} exf4 {[%clk 0:00:58]} 39. Qd5+ {[%clk 0:00:22]} Kg7
{[%clk 0:01:01]} 40. Qb7+ {[%clk 0:00:27]} Qf7 {[%clk 0:01:00]} 41. Qc6
{[%clk 0:00:35]} Qe7 {[%clk 0:01:02]} 42. Qf3 {[%clk 0:00:37]} g5
{[%clk 0:00:28]} 43. Bf5 {[%clk 0:00:39]} Rh2 {[%clk 0:00:32]} 44. d4
{[%clk 0:00:35]} cxd4 {[%clk 0:00:31]} 45. Qd3 {[%clk 0:00:39]} Qe5
{[%clk 0:00:31]} 46. Bg4 {[%clk 0:00:41]} Qc5 {[%clk 0:00:32]} 47. Bd1
{[%clk 0:00:46]} Qe5 {[%clk 0:00:34]} 48. Qa6 {[%clk 0:00:40]} Qc5
{[%clk 0:00:35]} 49. Qb7+ {[%clk 0:00:43]} Kf6 {[%clk 0:00:45]} 50. Qe4
{[%clk 0:00:47]} Qe5 {[%clk 0:00:54]} 51. Qd3 {[%clk 0:00:41]} Rf2
{[%clk 0:00:34]} 52. Bh5 {[%clk 0:00:29]} Ke7 {[%clk 0:00:31]} 53. Qh7+
{[%clk 0:00:33]} Kd8 {[%clk 0:00:39]} 54. Bg4 {[%clk 0:00:28]} Qe7
{[%clk 0:00:46]} 55. Qh8+ {[%clk 0:00:33]} Qe8 {[%clk 0:00:54]} 56. Qxd4
{[%clk 0:00:37]} Rxc2+ {[%clk 0:01:02]} 57. Kb1 {[%clk 0:00:45]} Rc6
{[%clk 0:01:01]} 58. Qxb4 {[%clk 0:00:45]} Qg6+ {[%clk 0:01:08]} 59. Kb2
{[%clk 0:00:20]} Qc2+ {[%clk 0:01:13]} 60. Ka3 {[%clk 0:00:16]} Qc1+
{[%clk 0:01:21]} 0-1

[Event "MCRDMZ 2018"]
[Site "Varnsdorf"]
[Date "2018.06.17"]
[Round "3.2"]
[White "Paseka Matyas (BSS F-M A)"]
[Black "Simunek Jakub Simon (VSTE CB)"]
[Result "0-1"]
[BlackElo "1415"]
[WhiteElo "1730"]
[LiveChessVersion "1.4.8"]

1. e4 {[%clk 0:25:17]} e6 {[%clk 0:25:16]} 2. d4 {[%clk 0:25:24]} d5
{[%clk 0:25:22]} 3. Nd2 {[%clk 0:25:26]} dxe4 {[%clk 0:25:27]} 4. Nxe4
{[%clk 0:25:32]} Bd7 {[%clk 0:25:26]} 5. Nf3 {[%clk 0:25:14]} Bc6
{[%clk 0:25:26]} 6. Ng3 {[%clk 0:25:12]} Nd7 {[%clk 0:24:45]} 7. Bd3
{[%clk 0:25:05]} Ngf6 {[%clk 0:24:25]} 8. Bg5 {[%clk 0:24:52]} Be7
{[%clk 0:24:12]} 9. O-O {[%clk 0:24:52]} Bxf3 {[%clk 0:24:12]} 10. Qxf3
{[%clk 0:24:50]} c6 {[%clk 0:23:40]} 11. Rfe1 {[%clk 0:23:56]} O-O
{[%clk 0:22:23]} 12. Rad1 {[%clk 0:23:32]} h6 {[%clk 0:15:49]} 13. Bxf6
{[%clk 0:23:11]} Nxf6 {[%clk 0:15:15]} 14. a3 {[%clk 0:21:35]} Qb6
{[%clk 0:14:36]} 15. c3 {[%clk 0:19:46]} Qxb2 {[%clk 0:12:01]} 16. Rb1
{[%clk 0:19:53]} Qxa3 {[%clk 0:11:42]} 17. Rxb7 {[%clk 0:19:53]} Bd6
{[%clk 0:07:07]} 18. c4 {[%clk 0:18:40]} Qa5 {[%clk 0:06:05]} 19. Reb1
{[%clk 0:17:39]} Rab8 {[%clk 0:03:50]} 20. Qxc6 {[%clk 0:13:33]} Rxb7
{[%clk 0:03:24]} 21. Rxb7 {[%clk 0:09:53]} Qa1+ {[%clk 0:02:38]} 22. Rb1
{[%clk 0:09:38]} Qxd4 {[%clk 0:02:26]} 23. Rd1 {[%clk 0:09:17]} Qb6
{[%clk 0:02:17]} 24. Qxb6 {[%clk 0:08:30]} axb6 {[%clk 0:02:24]} 25. Bh7+
{[%clk 0:08:29]} Kxh7 {[%clk 0:01:46]} 26. Rxd6 {[%clk 0:08:37]} Rb8
{[%clk 0:01:50]} 27. Kf1 {[%clk 0:08:32]} b5 {[%clk 0:01:36]} 28. c5
{[%clk 0:07:56]} Nd5 {[%clk 0:01:11]} 29. c6 {[%clk 0:06:25]} b4 {[%clk 0:01:11]}
30. Rd7 {[%clk 0:06:30]} b3 {[%clk 0:01:01]} 31. Rb7 {[%clk 0:06:32]} Rc8
{[%clk 0:00:38]} 32. Rxb3 {[%clk 0:06:34]} Rxc6 {[%clk 0:00:46]} 33. f3
{[%clk 0:06:01]} Rc1+ {[%clk 0:00:45]} 34. Kf2 {[%clk 0:05:46]} Rc2+
{[%clk 0:00:46]} 35. Ne2 {[%clk 0:05:23]} Nf4 {[%clk 0:00:43]} 36. Re3
{[%clk 0:05:31]} Rxe2+ 37. Rxe2 {[%clk 0:05:36]} Nxe2 {[%clk 0:00:52]} 38. Kxe2
{[%clk 0:05:45]} Kg6 {[%clk 0:01:01]} 39. Ke3 {[%clk 0:05:53]} Kf5
{[%clk 0:01:08]} 40. g3 {[%clk 0:05:51]} g5 {[%clk 0:00:54]} 41. h3
{[%clk 0:05:50]} h5 {[%clk 0:00:57]} 42. f4 {[%clk 0:04:45]} gxf4+
{[%clk 0:01:03]} 43. gxf4 {[%clk 0:04:53]} e5 {[%clk 0:00:58]} 44. fxe5
{[%clk 0:04:56]} Kxe5 {[%clk 0:01:07]} 45. Kf3 {[%clk 0:05:04]} Kf5
{[%clk 0:01:15]} 46. Kg3 {[%clk 0:04:59]} Kg5 {[%clk 0:01:06]} 47. Kh2
{[%clk 0:03:18]} Kf4 {[%clk 0:00:59]} 48. Kg2 {[%clk 0:03:25]} h4
{[%clk 0:01:02]} 49. Kf2 {[%clk 0:02:23]} f5 {[%clk 0:00:52]} 50. Kg2
{[%clk 0:02:30]} Ke3 {[%clk 0:00:58]} 51. Kg1 {[%clk 0:02:10]} Ke2
{[%clk 0:00:43]} 52. Kg2 {[%clk 0:02:06]} f4 {[%clk 0:00:46]} 53. Kg1
{[%clk 0:01:57]} f3 {[%clk 0:00:49]} 54. Kh1 {[%clk 0:02:05]} f2 {[%clk 0:00:45]}
55. Kh2 {[%clk 0:02:13]} Kf3 {[%clk 0:00:35]} 0-1

[Event "MCRDMZ 2018"]
[Site "Varnsdorf"]
[Date "2018.06.17"]
[Round "3.3"]
[White "Prazak Daniel (VSTE CB)"]
[Black "Vasinek Martin (BSS F-M A)"]
[Result "1-0"]
[BlackElo "1829"]
[WhiteElo "1541"]
[LiveChessVersion "1.4.8"]

1. e4 {[%clk 0:25:13]} c5 {[%clk 0:25:15]} 2. Nf3 {[%clk 0:25:13]} Nc6
{[%clk 0:25:23]} 3. Bb5 {[%clk 0:24:58]} g6 {[%clk 0:25:17]} 4. Bxc6
{[%clk 0:25:01]} bxc6 {[%clk 0:25:17]} 5. Nc3 {[%clk 0:23:40]} Bg7
{[%clk 0:25:23]} 6. d3 {[%clk 0:23:46]} d6 {[%clk 0:25:31]} 7. h3
{[%clk 0:23:45]} Bd7 {[%clk 0:25:33]} 8. O-O {[%clk 0:23:37]} Nh6
{[%clk 0:24:31]} 9. Be3 {[%clk 0:21:22]} O-O {[%clk 0:24:32]} 10. Qd2
{[%clk 0:21:22]} Nf5 {[%clk 0:17:55]} 11. exf5 {[%clk 0:21:17]} Bxf5
{[%clk 0:17:59]} 12. Bh6 {[%clk 0:21:13]} Qd7 {[%clk 0:17:31]} 13. Bxg7
{[%clk 0:21:06]} Kxg7 {[%clk 0:17:35]} 14. Ne2 {[%clk 0:19:46]} e5
{[%clk 0:16:20]} 15. Ng3 {[%clk 0:19:46]} Be6 {[%clk 0:15:50]} 16. Ng5
{[%clk 0:18:25]} f5 {[%clk 0:15:43]} 17. Nxe6+ {[%clk 0:18:12]} Qxe6
{[%clk 0:15:50]} 18. f4 {[%clk 0:14:30]} exf4 {[%clk 0:14:30]} 19. Qxf4
{[%clk 0:13:54]} Rae8 {[%clk 0:13:46]} 20. Qc4 {[%clk 0:12:15]} Qe3+
{[%clk 0:13:15]} 21. Kh2 {[%clk 0:12:24]} f4 {[%clk 0:13:06]} 22. Qc3+
{[%clk 0:11:38]} Kg8 {[%clk 0:12:59]} 23. Ne4 {[%clk 0:11:24]} Qd4
{[%clk 0:07:23]} 24. Qxd4 {[%clk 0:10:28]} cxd4 {[%clk 0:07:29]} 25. Rae1
{[%clk 0:10:08]} Re6 {[%clk 0:06:57]} 26. Ng5 {[%clk 0:10:01]} Ref6
{[%clk 0:06:56]} 27. Re7 {[%clk 0:06:44]} Rb8 {[%clk 0:06:43]} 28. b3
{[%clk 0:06:19]} Rb5 {[%clk 0:06:30]} 29. Ne4 {[%clk 0:05:47]} Rf8
{[%clk 0:06:17]} 30. Nxd6 {[%clk 0:05:01]} Rd5 {[%clk 0:06:24]} 31. Nc4
{[%clk 0:04:55]} Rh5 {[%clk 0:05:50]} 32. Re5 {[%clk 0:04:12]} g5
{[%clk 0:05:38]} 33. Rfe1 {[%clk 0:02:26]} h6 {[%clk 0:05:11]} 34. Re8
{[%clk 0:01:57]} g4 {[%clk 0:04:55]} 35. Rxf8+ {[%clk 0:02:02]} Kxf8
{[%clk 0:05:04]} 36. Re4 {[%clk 0:01:57]} g3+ {[%clk 0:05:07]} 37. Kg1
{[%clk 0:02:02]} Rf5 {[%clk 0:05:08]} 38. Rxd4 {[%clk 0:01:35]} c5
{[%clk 0:05:09]} 39. Re4 {[%clk 0:01:37]} f3 {[%clk 0:05:17]} 40. gxf3
{[%clk 0:01:34]} Rxf3 {[%clk 0:05:26]} 41. Re2 {[%clk 0:00:49]} h5
{[%clk 0:05:28]} 42. Kg2 {[%clk 0:00:46]} Rf7 {[%clk 0:05:29]} 43. Kxg3
{[%clk 0:00:47]} Rg7+ {[%clk 0:05:36]} 44. Kh2 {[%clk 0:00:55]} Kf7
{[%clk 0:05:44]} 45. Nd6+ {[%clk 0:00:57]} Kg6 {[%clk 0:05:49]} 46. Rg2+ Kh7 47.
Rxg7+ {[%clk 0:01:04]} Kxg7 {[%clk 0:05:58]} 48. Kg3 {[%clk 0:01:13]} Kg6
{[%clk 0:06:06]} 49. Kh4 {[%clk 0:01:22]} a6 {[%clk 0:06:05]} 50. Nb7
{[%clk 0:01:28]} Kf6 {[%clk 0:06:12]} 51. Kxh5 {[%clk 0:01:37]} Ke5
{[%clk 0:06:21]} 52. Kg5 {[%clk 0:01:43]} Kd5 {[%clk 0:06:30]} 53. h4
{[%clk 0:01:51]} Kc6 {[%clk 0:06:39]} 54. h5 {[%clk 0:02:00]} Kxb7
{[%clk 0:06:46]} 55. h6 {[%clk 0:02:08]} Kb6 {[%clk 0:06:56]} 56. h7
{[%clk 0:02:17]} Kb7 {[%clk 0:07:05]} 57. h8=Q {[%clk 0:02:26]} Kb6
{[%clk 0:07:13]} 58. Qg7 {[%clk 0:02:34]} Ka5 {[%clk 0:07:18]} 59. Qc7+
{[%clk 0:02:39]} Kb5 {[%clk 0:07:27]} 60. Qb7+ {[%clk 0:02:48]} Ka5
{[%clk 0:07:35]} 61. a3 {[%clk 0:02:50]} c4 {[%clk 0:07:42]} 62. b4+
{[%clk 0:02:59]} Ka4 {[%clk 0:07:51]} 63. Qxa6# 1-0

[Event "MCRDMZ 2018"]
[Site "Varnsdorf"]
[Date "2018.06.17"]
[Round "3.4"]
[White "Licka Denis (BSS F-M A)"]
[Black "Barta David (VSTE CB)"]
[Result "1-0"]
[BlackElo "1332"]
[WhiteElo "1537"]
[LiveChessVersion "1.4.8"]

1. e4 {[%clk 0:25:14]} c5 {[%clk 0:25:15]} 2. Nf3 {[%clk 0:25:19]} d6
{[%clk 0:25:03]} 3. b4 {[%clk 0:25:27]} cxb4 {[%clk 0:24:46]} 4. a3
{[%clk 0:25:35]} Nf6 {[%clk 0:24:42]} 5. d3 {[%clk 0:25:24]} bxa3
{[%clk 0:24:03]} 6. Nbd2 {[%clk 0:23:29]} Nc6 {[%clk 0:22:59]} 7. c3
{[%clk 0:23:23]} b6 {[%clk 0:20:54]} 8. d4 {[%clk 0:23:18]} e6 {[%clk 0:19:45]}
9. Bd3 {[%clk 0:22:08]} Bb7 {[%clk 0:18:57]} 10. Bxa3 {[%clk 0:21:48]} Be7
{[%clk 0:17:43]} 11. O-O {[%clk 0:21:27]} O-O {[%clk 0:17:10]} 12. Nc4
{[%clk 0:21:03]} d5 {[%clk 0:12:54]} 13. Bxe7 {[%clk 0:20:18]} Nxe7
{[%clk 0:11:37]} 14. Nd6 {[%clk 0:19:35]} dxe4 {[%clk 0:06:58]} 15. Nxb7
{[%clk 0:19:40]} Qd7 {[%clk 0:06:32]} 16. Ba6 {[%clk 0:19:35]} exf3
{[%clk 0:06:02]} 17. Qxf3 {[%clk 0:19:33]} Qd5 {[%clk 0:05:04]} 18. Qxd5
{[%clk 0:19:01]} Nexd5 {[%clk 0:05:05]} 19. c4 {[%clk 0:18:53]} Nb4
{[%clk 0:04:58]} 20. Bb5 {[%clk 0:18:24]} Nc2 {[%clk 0:03:58]} 21. Rad1
{[%clk 0:17:46]} Rab8 {[%clk 0:03:28]} 22. Nd6 {[%clk 0:17:43]} Rfd8
{[%clk 0:02:55]} 23. c5 {[%clk 0:17:10]} bxc5 {[%clk 0:02:15]} 24. dxc5
{[%clk 0:17:15]} Nd5 {[%clk 0:01:39]} 25. Bc6 {[%clk 0:16:48]} Nde3
{[%clk 0:01:12]} 26. fxe3 {[%clk 0:16:51]} Nxe3 {[%clk 0:01:16]} 27. Rde1
{[%clk 0:15:15]} Nxf1 {[%clk 0:01:23]} 28. Rxf1 {[%clk 0:15:24]} f6
{[%clk 0:01:17]} 29. Ra1 {[%clk 0:13:49]} Rb2 {[%clk 0:00:34]} 30. Rxa7
{[%clk 0:13:40]} Rb1+ {[%clk 0:00:40]} 31. Kf2 {[%clk 0:13:48]} Rb2+
{[%clk 0:00:47]} 32. Kg3 {[%clk 0:13:55]} Rb3+ {[%clk 0:00:54]} 33. Kf2
{[%clk 0:13:59]} Rb2+ {[%clk 0:01:02]} 34. Kg3 {[%clk 0:13:59]} Rb3+
{[%clk 0:01:09]} 35. Bf3 {[%clk 0:14:07]} Rc3 {[%clk 0:01:05]} 36. Rc7
{[%clk 0:13:00]} h6 {[%clk 0:00:38]} 37. Nb7 {[%clk 0:05:01]} Rb8
{[%clk 0:00:28]} 38. c6 {[%clk 0:04:34]} e5 {[%clk 0:00:33]} 39. Kf2
{[%clk 0:03:34]} Kf8 {[%clk 0:00:22]} 40. Rd7 {[%clk 0:03:03]} Rc2+
{[%clk 0:00:17]} 41. Ke3 {[%clk 0:03:07]} Rc1 {[%clk 0:00:13]} 42. c7
{[%clk 0:02:36]} Rc8 {[%clk 0:00:18]} 43. Rd8+ {[%clk 0:02:39]} Ke7
{[%clk 0:00:17]} 44. Rxc8 {[%clk 0:02:47]} Kd7 {[%clk 0:00:22]} 45. Bg4+
{[%clk 0:02:28]} Kc6 {[%clk 0:00:27]} 46. Rd8 {[%clk 0:02:24]} 1-0

[Event "MCRDMZ 2018"]
[Site "Varnsdorf"]
[Date "2018.06.17"]
[Round "3.5"]
[White "Rolinkova Adela (VSTE CB)"]
[Black "Farkova Katerina (BSS F-M A)"]
[Result "0-1"]
[BlackElo "1554"]
[WhiteElo "1195"]
[LiveChessVersion "1.4.8"]

1. e4 {[%clk 0:25:18]} e5 {[%clk 0:25:19]} 2. Nf3 {[%clk 0:25:23]} Nc6
{[%clk 0:25:27]} 3. Bc4 {[%clk 0:25:27]} d6 {[%clk 0:25:34]} 4. Nc3
{[%clk 0:25:23]} Bg4 {[%clk 0:25:38]} 5. O-O {[%clk 0:25:11]} Nf6
{[%clk 0:25:25]} 6. Bb5 {[%clk 0:24:33]} Be7 {[%clk 0:25:30]} 7. d3
{[%clk 0:23:22]} O-O {[%clk 0:25:37]} 8. Bxc6 {[%clk 0:23:21]} bxc6
{[%clk 0:25:45]} 9. Bg5 {[%clk 0:23:05]} Nd7 {[%clk 0:25:26]} 10. Bxe7
{[%clk 0:21:27]} Qxe7 {[%clk 0:25:33]} 11. Re1 {[%clk 0:21:11]} Nc5
{[%clk 0:25:23]} 12. Re3 {[%clk 0:18:14]} Ne6 {[%clk 0:25:13]} 13. Qd2
{[%clk 0:16:51]} Nf4 {[%clk 0:24:10]} 14. d4 {[%clk 0:12:15]} Rab8
{[%clk 0:23:12]} 15. b3 {[%clk 0:11:48]} Rfd8 {[%clk 0:22:27]} 16. d5
{[%clk 0:08:41]} c5 {[%clk 0:22:02]} 17. Rae1 {[%clk 0:06:12]} Qf6
{[%clk 0:21:17]} 18. h3 {[%clk 0:04:59]} Bh5 {[%clk 0:20:54]} 19. Ne2
{[%clk 0:02:35]} Nxh3+ {[%clk 0:20:12]} 20. gxh3 {[%clk 0:01:27]} Bxf3
{[%clk 0:20:20]} 21. Rxf3 {[%clk 0:01:35]} Qxf3 {[%clk 0:20:28]} 22. Ng3
{[%clk 0:01:36]} f6 {[%clk 0:18:47]} 23. Qe3 {[%clk 0:00:56]} Qxe3
{[%clk 0:18:37]} 24. Rxe3 {[%clk 0:01:05]} Rb6 {[%clk 0:18:28]} 25. Nf5
{[%clk 0:00:55]} Kf8 {[%clk 0:18:10]} 26. Rg3 {[%clk 0:01:04]} Rd7
{[%clk 0:18:07]} 27. c4 {[%clk 0:00:36]} a5 {[%clk 0:17:46]} 28. a4
{[%clk 0:00:44]} g6 {[%clk 0:16:41]} 29. Nh6 {[%clk 0:00:51]} Rd8
{[%clk 0:16:29]} 30. Rf3 {[%clk 0:00:48]} Kg7 {[%clk 0:16:38]} 31. Ng4
{[%clk 0:00:56]} Rf8 {[%clk 0:16:43]} 32. Ne3 {[%clk 0:00:24]} h5
{[%clk 0:16:20]} 33. Kh2 {[%clk 0:00:28]} Rfb8 {[%clk 0:16:17]} 34. Rg3
{[%clk 0:00:33]} Kf7 {[%clk 0:16:16]} 35. Nd1 {[%clk 0:00:16]} Rxb3
{[%clk 0:16:21]} 36. Rxb3 {[%clk 0:00:25]} Rxb3 37. Ne3 Rb4 {[%clk 0:16:33]} 38.
Kg2 {[%clk 0:00:11]} Rxa4 {[%clk 0:16:36]} 39. Kf1 {[%clk 0:00:18]} Ra2
{[%clk 0:16:29]} 40. Ke1 {[%clk 0:00:27]} a4 {[%clk 0:16:38]} 41. Nd1
{[%clk 0:00:32]} Ra1 {[%clk 0:16:24]} 42. Kd2 {[%clk 0:00:41]} Ra2+
{[%clk 0:16:23]} 43. Kc1 {[%clk 0:00:48]} a3 {[%clk 0:16:24]} 44. Kb1
{[%clk 0:00:57]} Rd2 {[%clk 0:16:20]} 45. Nc3 {[%clk 0:00:58]} Rxf2
{[%clk 0:16:24]} 46. Nb5 {[%clk 0:00:54]} Rb2+ {[%clk 0:14:36]} 47. Ka1
{[%clk 0:01:01]} Rxb5 {[%clk 0:14:12]} 48. cxb5 {[%clk 0:01:09]} Ke8
{[%clk 0:14:22]} 49. Ka2 {[%clk 0:01:16]} Kd8 {[%clk 0:14:31]} 50. Kxa3
{[%clk 0:01:24]} Kc8 {[%clk 0:14:40]} 51. Kb3 {[%clk 0:01:18]} Kb7
{[%clk 0:14:48]} 52. Kc3 {[%clk 0:01:26]} Kb6 {[%clk 0:14:57]} 53. Kc4
{[%clk 0:01:33]} g5 {[%clk 0:15:06]} 54. Kd3 {[%clk 0:01:40]} Kxb5
{[%clk 0:15:14]} 55. Ke3 {[%clk 0:01:38]} c4 {[%clk 0:15:22]} 56. Kd2
{[%clk 0:01:46]} Kb4 {[%clk 0:15:31]} 57. Kc2 {[%clk 0:01:54]} g4
{[%clk 0:15:39]} 58. hxg4 {[%clk 0:01:54]} hxg4 {[%clk 0:15:45]} 59. Kd2
{[%clk 0:02:01]} g3 {[%clk 0:15:54]} 60. Ke2 {[%clk 0:02:08]} c3 {[%clk 0:16:03]}
61. Kf3 {[%clk 0:02:00]} c2 {[%clk 0:16:08]} 62. Kxg3 {[%clk 0:02:08]} c1=Q
{[%clk 0:16:15]} 63. Kg4 {[%clk 0:02:11]} Qf4+ {[%clk 0:16:22]} 64. Kh5
{[%clk 0:02:17]} Qg5# {[%clk 0:16:30]} 0-1

[Event "MCRDMZ 2018"]
[Site "Varnsdorf"]
[Date "2018.06.17"]
[Round "3.6"]
[White "Buchtova Viktorie (BSS F-M A)"]
[Black "Garabik Marek (VSTE CB)"]
[Result "1-0"]
[BlackElo "1345"]
[WhiteElo "1118"]
[LiveChessVersion "1.4.8"]

1. e4 {[%clk 0:25:17]} e5 {[%clk 0:25:17]} 2. Nf3 {[%clk 0:25:25]} Nf6
{[%clk 0:25:13]} 3. Nc3 {[%clk 0:25:33]} Nc6 {[%clk 0:25:17]} 4. d4
{[%clk 0:25:40]} exd4 {[%clk 0:25:18]} 5. Nxd4 {[%clk 0:25:48]} Bb4
{[%clk 0:25:08]} 6. Nxc6 {[%clk 0:25:50]} bxc6 {[%clk 0:24:38]} 7. Bd3
{[%clk 0:25:55]} d5 {[%clk 0:24:21]} 8. exd5 {[%clk 0:26:01]} Qe7+
{[%clk 0:24:25]} 9. Be2 {[%clk 0:25:41]} Nxd5 {[%clk 0:24:14]} 10. Bd2
{[%clk 0:24:47]} Nxc3 {[%clk 0:24:18]} 11. bxc3 {[%clk 0:24:26]} Bd6
{[%clk 0:24:22]} 12. O-O {[%clk 0:24:09]} O-O {[%clk 0:24:27]} 13. Re1
{[%clk 0:23:00]} Be6 {[%clk 0:24:33]} 14. Bd3 {[%clk 0:19:35]} Qh4
{[%clk 0:24:30]} 15. h3 {[%clk 0:18:33]} Bc5 {[%clk 0:24:32]} 16. Be3
{[%clk 0:17:33]} Bxe3 {[%clk 0:24:19]} 17. Rxe3 {[%clk 0:17:31]} Rad8
{[%clk 0:24:25]} 18. Rg3 {[%clk 0:15:38]} Rfe8 {[%clk 0:23:58]} 19. Qf3
{[%clk 0:13:48]} Qf6 {[%clk 0:23:42]} 20. Qxf6 {[%clk 0:11:04]} Kf8
{[%clk 0:23:36]} 21. Rxg7 {[%clk 0:10:57]} Rd6 {[%clk 0:23:32]} 22. Bxh7
{[%clk 0:10:49]} 1-0